| 000 | 00825nam a22002177a 4500 | ||
|---|---|---|---|
| 999 |
_c21614 _d21614 |
||
| 003 | AR-CdUCM | ||
| 008 | 201016b ||||| |||| 00| 0 eng d | ||
| 020 | _a9786073151009 | ||
| 040 |
_aMUNICIPALIDAD PROVINCIAL DEL CUSCO _cBIBLIOTECA MUNICIPAL DEL CUSCO |
||
| 082 |
_a970.035/D21 _bD21 |
||
| 245 |
_aDiario de a bordo : _bde Cristóbal Colon / _cChristian Duverger |
||
| 260 |
_aMéxico ; _bTaurus, _c2017. |
||
| 300 |
_a270 páginas. : _c23 cm. |
||
| 505 | _aContenido: El primer viaje del almirante Cristóbal Colon -- Diario de a bordo del almirante de Cristóbal Colon -- Carta a Luis de Santángel ... | ||
| 650 |
_aCristóbal Colon _914110 |
||
| 650 |
_aExploradores _926772 |
||
| 650 |
_aDescubrimiento y exploración _945537 |
||
| 700 |
_aDuverger, Christian _945538 |
||
| 942 |
_2ddc _cLIBROS |
||
| 945 | _aVarinia | ||